[Event "Superettan(Farsta-Kristallen)"]
[Site "?"]
[Date "2022.03.20"]
[Round "6"]
[White "Livner, Anders"]
[Black "Naslund, Mikael"]
[Result "1-0"]
[WhiteElo "2379"]
[BlackElo "2146"]
[PlyCount "137"]

1. c4 e6 2. g3 d5 3. Bg2 Nf6 4. Nf3 c5 5. O-O Nc6 6. d4 dxc4 7. dxc5 Qxd1 8.
Rxd1 Bxc5 9. Nbd2 a6 10. Nxc4 b5 11. Nfe5 Nxe5 12. Nxe5 Ra7 13. Bc6+ Bd7 14.
Nxd7 Nxd7 15. Bf4 Ke7 16. Rac1 Bb6 17. Bd6+ Kf6 18. Bxd7 Rxd7 19. Be5+ Ke7 20.
Rxd7+ Kxd7 21. Bxg7 Rg8 22. Bc3 h5 23. Kg2 h4 24. Rd1+ Kc8 25. Rd6 Kc7 26. Rd3
hxg3 27. Rxg3 Rg6 28. f4 Kd7 29. Rxg6 fxg6 30. Kf3 Ke7 31. Ke4 Kf7 32. h3 Bc7
33. Be5 Bb6 34. Kd3 Ke7 35. Ke4 Kf7 36. Kf3 Bc5 37. e3 Bb6 38. Bd4 Bd8 39. Kg4
Be7 40. e4 Bd8 41. Bc3 Bb6 42. Be5 Bc5 43. f5 exf5+ 44. exf5 gxf5+ 45. Kxf5 Be7
46. Bc3 Bh4 47. Ke5 Ke7 48. Kd5 Kd7 49. Kc5 Kc7 50. Be5+ Kb7 51. Kd6 Kb6 52.
Bc3 Bg3+ 53. Kd5 Bh4 54. Bd4+ Kc7 55. b3 Kd7 56. Be5 Be7 57. Bg3 Bg5 58. h4 Be3
59. Be5 Bh6 60. Bf6 Bf8 61. Bg5 a5 62. h5 a4 63. h6 axb3 64. axb3 Ke8 65. Ke6
b4 66. h7 Bg7 67. Bf6 Kf8 68. h8=Q+ Bxh8 69. Bxh8 1-0

[Event "Superettan(Vasteras II-SS 4 Springare)"]
[Site "?"]
[Date "2022.03.20"]
[Round "6"]
[White "Jakenberg, Jussi"]
[Black "Landgren, Andreas"]
[Result "0-1"]
[WhiteElo "2113"]
[BlackElo "2195"]
[PlyCount "100"]

1. d4 d5 2. Nf3 e6 3. g3 Nf6 4. Bg2 c5 5. O-O Nc6 6. c4 dxc4 7. Ne5 Bd7 8. Na3
cxd4 9. Naxc4 Bc5 10. Qb3 Qc8 11. Bf4 O-O 12. Nd3 Be7 13. Nd6 Bxd6 14. Bxd6 Rd8
15. Rac1 Be8 16. Be7 Rd7 17. Bxf6 gxf6 18. Nc5 Rc7 19. Ne4 Qd8 20. Rfd1 Qe7 21.
g4 Rac8 22. Qh3 Kg7 23. Rd3 Ne5 24. Rxc7 Rxc7 25. Rg3 Rc1+ 26. Bf1 Ng6 27. g5
fxg5 28. Nxg5 h6 29. Nf3 Qc5 30. Qh4 Rd1 31. Rg4 Bc6 32. Qg3 Bd5 33. h4 Qc1 34.
Nh2 h5 35. Rg5 Qc2 36. Rxh5 Qxe2 37. Rg5 Qe4 38. f3 Qe3+ 39. Kh1 Bc4 40. Kg2
Bxf1+ 41. Nxf1 Qe2+ 42. Qf2 Qxf2+ 43. Kxf2 Kh6 44. Rb5 b6 45. Ke2 Ra1 46. Ng3
Nf4+ 47. Kd2 Rxa2 48. Ne2 Nxe2 49. Kxe2 Ra5 50. Rb4 Rd5 0-1

[Event "Superettan(Farsta-Kristallen)"]
[Site "?"]
[Date "2022.03.20"]
[Round "6"]
[White "Persson, Andreas"]
[Black "Hjelm, Niclas"]
[Result "1/2-1/2"]
[WhiteElo "2117"]
[BlackElo "2266"]
[PlyCount "88"]

1. d4 d5 2. Nf3 Nf6 3. g3 g6 4. Bg2 Bg7 5. O-O O-O 6. c4 dxc4 7. Na3 c5 8. Nxc4
Na6 9. b3 Bf5 10. Bb2 Rc8 11. Nfe5 Be4 12. f3 Bd5 13. e4 Bxc4 14. Nxc4 cxd4 15.
Qxd4 Nc5 16. Rfd1 Qc7 17. Qf2 Rfd8 18. Bf1 b6 19. Rac1 Qb8 20. Ne3 Kf8 21. Bh3
Rxd1+ 22. Rxd1 Rd8 23. Qc2 h5 24. e5 Ne8 25. f4 Nc7 26. b4 N5e6 27. Bg2 h4 28.
f5 gxf5 29. Nxf5 hxg3 30. hxg3 Rxd1+ 31. Qxd1 Qd8 32. Qg4 Qd2 33. Nxg7 Qxb2 34.
Nxe6+ Nxe6 35. Qh5 Kg7 36. Qg4+ Kf8 37. Qh5 Ke8 38. Qh8+ Kd7 39. Qb8 Qc1+ 40.
Kh2 Qh6+ 41. Kg1 Qc1+ 42. Kh2 Qh6+ 43. Kg1 Qc1+ 44. Kh2 Qh6+ 1/2-1/2

[Event "Superettan(Vasteras II-SS 4 Springare)"]
[Site "?"]
[Date "2022.03.20"]
[Round "6"]
[White "Nordebrink, Johan"]
[Black "Mattsson, Michael"]
[Result "1/2-1/2"]
[WhiteElo "2103"]
[BlackElo "2059"]
[PlyCount "31"]

1. e4 e5 2. Nf3 Nc6 3. d4 exd4 4. Nxd4 Bc5 5. Nb3 Bb6 6. a4 a6 7. Nc3 Nf6 8. a5
Ba7 9. Bg5 d6 10. Be2 Be6 11. O-O h6 12. Bxf6 Qxf6 13. Nd5 Bxd5 14. exd5 Nd4
15. Nxd4 Qxd4 16. Qxd4 1/2-1/2

[Event "Superettan(Farsta-Kristallen)"]
[Site "?"]
[Date "2022.03.20"]
[Round "6"]
[White "Ong, Kezli"]
[Black "Walinder, Lars"]
[Result "1/2-1/2"]
[WhiteElo "2300"]
[BlackElo "2263"]
[PlyCount "83"]

1. e4 e6 2. d3 d5 3. Nd2 Nf6 4. Ngf3 Bc5 5. e5 Nfd7 6. d4 Be7 7. Bd3 c5 8. c3
Nc6 9. O-O g5 10. dxc5 g4 11. Nd4 Ncxe5 12. N2b3 Nxc5 13. Nxc5 Bxc5 14. Bb5+
Bd7 15. Qe2 Bd6 16. Bf4 Nf3+ 17. gxf3 Bxf4 18. Nxe6 gxf3 19. Bxd7+ Qxd7 20.
Ng7+ Kf8 21. Qxf3 Bxh2+ 22. Kxh2 Qd6+ 23. Kh1 Kxg7 24. Rg1+ Kf8 25. Rg5 Re8 26.
Rd1 Rg8 27. Rxg8+ Kxg8 28. Rxd5 Re1+ 29. Kg2 Qc6 30. Rd8+ Kg7 31. Qxc6 bxc6 32.
Rd7 Re2 33. Rb7 a5 34. a4 Rc2 35. Kg3 Kg6 36. f4 f6 37. Rb6 h5 38. Kf3 Rh2 39.
Kg3 Rc2 40. Kf3 Rh2 41. Ke4 Re2+ 42. Kf3 1/2-1/2

[Event "Superettan(Vasteras II-SS 4 Springare)"]
[Site "?"]
[Date "2022.03.20"]
[Round "6"]
[White "Zaritovskaja, Margo"]
[Black "Patzelt, Nikolaus"]
[Result "0-1"]
[WhiteElo "1999"]
[BlackElo "2113"]
[PlyCount "50"]
[EventDate "2022.??.??"]

1. e4 e6 2. d4 d5 3. Nc3 Nf6 4. Bg5 dxe4 5. Nxe4 Be7 6. Nxf6+ Bxf6 7. Bxf6 Qxf6
8. c3 O-O 9. Qc2 e5 10. O-O-O exd4 11. cxd4 Nc6 12. Nf3 Bf5 13. Qc3 a5 14. a3
Nb4 15. axb4 axb4 16. Qe3 Qc6+ 17. Kd2 Qc2+ 18. Ke1 Rfe8 19. Ne5 f6 20. Bc4+
Be6 21. d5 Bf7 22. d6 Rxe5 23. Qxe5 fxe5 24. dxc7 Bxc4 25. Rd8+ Kf7 0-1

[Event "Superettan(Farsta-Kristallen)"]
[Site "?"]
[Date "2022.03.20"]
[Round "6"]
[White "Andersson, Goran L"]
[Black "Lindeman, Sven"]
[Result "1-0"]
[WhiteElo "2246"]
[BlackElo "2154"]
[PlyCount "111"]

1. e4 e5 2. Nf3 Nc6 3. Bb5 a6 4. Ba4 Nf6 5. O-O Be7 6. d3 d6 7. c3 O-O 8. Nbd2
b5 9. Bc2 Bb7 10. a4 d5 11. Qe2 d4 12. cxd4 Nxd4 13. Nxd4 exd4 14. f4 Bc5 15.
Kh1 Re8 16. Qf3 Bb4 17. Qh3 c5 18. e5 Bxd2 19. Bxd2 Nd5 20. Rae1 Nb4 21. Bxb4
cxb4 22. axb5 axb5 23. Bb3 Bd5 24. Bxd5 Qxd5 25. Qf3 Qxf3 26. Rxf3 Rec8 27. f5
Rc5 28. g4 Ra2 29. e6 Kf8 30. Rf4 Rd5 31. Re2 f6 32. Rc2 b3 33. Rc8+ Ke7 34.
Rf2 Re5 35. Kg2 Ra1 36. Rc7+ Kf8 37. Rf7+ Kg8 38. Rd7 h5 39. gxh5 Rc1 40. Rd8+
Kh7 41. Rxd4 Rc2 42. Rdf4 Kg8 43. d4 Re1 44. R4f3 Rc4 45. Rxb3 Rxd4 46. Rxb5
Rg4+ 47. Kf3 Ree4 48. h3 Rh4 49. Re2 Rhf4+ 50. Kg3 Kh7 51. Rxe4 Rxe4 52. Kf3
Re1 53. Rb3 Rf1+ 54. Ke2 Rxf5 55. e7 Re5+ 56. Re3 1-0

[Event "Superettan(Vasteras II-SS 4 Springare)"]
[Site "?"]
[Date "2022.03.20"]
[Round "6"]
[White "Granath, Jonas"]
[Black "Horta, Hector"]
[Result "0-1"]
[WhiteElo "1868"]
[BlackElo "1901"]
[PlyCount "84"]

1. e4 g6 2. d4 Bg7 3. Nf3 c5 4. c3 cxd4 5. Bc4 Nc6 6. O-O Qb6 7. cxd4 Nxd4 8.
e5 Nxf3+ 9. Qxf3 e6 10. Re1 Ne7 11. Qa3 Nc6 12. Bf4 Qd4 13. Nc3 Qxf4 14. Nb5
Bf8 15. Qd3 Nxe5 16. Nc7+ Kd8 17. Rxe5 Qxe5 18. Nxa8 Qb8 19. Qd4 Rg8 20. Re1
Bg7 21. Qh4+ Ke8 22. Qxh7 Kf8 23. Qh4 Bxb2 24. Bxe6 dxe6 25. Qb4+ Ke8 26. Qxb2
Qxa8 27. Rd1 Bd7 28. Qd4 Bc6 29. Rd3 b6 30. f3 Bd5 31. Qa4+ Kf8 32. Qb4+ Kg7
33. Qc3+ Kh7 34. Rd4 Qd8 35. g3 f6 36. Qc1 Kg7 37. Ra4 a5 38. Qe3 Qd6 39. Kg2
Qc5 40. Qd2 Rc8 41. Kh3 Qc2 42. Qd4 Rh8+ 0-1

[Event "Superettan(Farsta-Kristallen)"]
[Site "?"]
[Date "2022.03.20"]
[Round "6"]
[White "Wisdahl, Peter"]
[Black "Hedstrom, Johan"]
[Result "0-1"]
[WhiteElo "2036"]
[BlackElo "2024"]
[PlyCount "116"]

1. e4 c5 2. c3 Nf6 3. e5 Nd5 4. d4 cxd4 5. cxd4 e6 6. Nc3 Nxc3 7. bxc3 d5 8.
Bd3 b6 9. Bd2 Nc6 10. Nf3 Be7 11. O-O Na5 12. Qe2 Bb7 13. g3 Nc4 14. Be1 Rc8
15. Nd2 Na3 16. Rc1 Rc7 17. f4 g6 18. g4 h5 19. f5 gxf5 20. gxf5 Bh4 21. Nf3
Bxe1 22. Qxe1 Kd7 23. Kh1 Kc8 24. Ng1 Kb8 25. Ne2 Bc8 26. f6 Nc4 27. Nf4 Qf8
28. h4 Qa3 29. Rc2 Bd7 30. Qc1 Qa5 31. Rg2 Na3 32. Ne2 Bb5 33. Rf3 Bxd3 34.
Rxd3 Nb5 35. Qb2 Rc4 36. Rg7 Rf8 37. Kg2 Ra4 38. Rd2 Na3 39. Qc1 Nc4 40. Rc2
Rxa2 41. Kf2 Qa4 42. Rxa2 Qxa2 43. Qg5 Nd2 44. Qxh5 Qb1 45. Qg4 Qf1+ 46. Kg3
Ne4+ 47. Kh2 Nf2 48. Qh5 Qh1+ 49. Kg3 Ne4+ 50. Kf4 Qh2+ 51. Ke3 Rc8 52. Qh6
Nxc3 53. Nf4 Nd1+ 54. Kf3 Qf2+ 55. Kg4 Ne3+ 56. Kg5 Qg3+ 57. Kh5 Qf3+ 58. Kg5
Qg4# 0-1

[Event "Superettan(Vasteras II-SS 4 Springare)"]
[Site "?"]
[Date "2022.03.20"]
[Round "6"]
[White "Poley, Maksim"]
[Black "Adahl, Mattias"]
[Result "0-1"]
[WhiteElo "1368"]
[BlackElo "2086"]
[PlyCount "98"]

1. d4 Nf6 2. Bf4 d6 3. Nf3 c5 4. dxc5 Qa5+ 5. Nc3 Qxc5 6. e4 e5 7. Be3 Qa5 8.
Qd2 a6 9. h3 Be7 10. Bd3 O-O 11. O-O Qc7 12. Nd5 Nxd5 13. exd5 f5 14. Bg5 e4
15. Bxe7 Qxe7 16. Rfe1 Qf6 17. Bxe4 fxe4 18. Rxe4 Bf5 19. Rb4 Nd7 20. Re1 Nc5
21. Nd4 Rae8 22. Rxe8 Rxe8 23. Nxf5 Qxf5 24. Rg4 Ne4 25. Qf4 Qxf4 26. Rxf4 Nf6
27. Kf1 Re5 28. c4 Kf7 29. a4 a5 30. Rd4 Re4 31. Rxe4 Nxe4 32. Ke2 Nc5 33. Ke3
Nxa4 34. Kd4 Nxb2 35. c5 dxc5+ 36. Kxc5 Ke7 37. Kb5 a4 38. Kb4 b5 39. f3 Nd3+
40. Ka3 Kd6 41. g3 Kxd5 42. h4 Kc4 43. g4 Ne5 44. h5 Nxf3 45. Kb2 b4 46. Kb1 b3
47. Kb2 Kb4 48. g5 a3+ 49. Ka1 Nd2 0-1

[Event "Superettan(Farsta-Kristallen)"]
[Site "?"]
[Date "2022.03.20"]
[Round "6"]
[White "Gamback, Bjorn"]
[Black "Stavenberg, Karl"]
[Result "1/2-1/2"]
[WhiteElo "2092"]
[BlackElo "2088"]
[PlyCount "121"]

1. Nf3 d5 2. c4 c6 3. e3 Nf6 4. b3 Bg4 5. Bb2 e6 6. Be2 Nbd7 7. a3 a5 8. d3 h6
9. Nbd2 Bf5 10. cxd5 exd5 11. O-O Nc5 12. Qc2 Ne6 13. Rac1 Be7 14. Qb1 O-O 15.
Qa1 Nd7 16. Nd4 Nxd4 17. Bxd4 Bf6 18. Bxf6 Qxf6 19. Qxf6 Nxf6 20. d4 Ne4 21.
Rfd1 Rfe8 22. Kf1 Bd7 23. Ke1 Nxd2 24. Kxd2 a4 25. Rc3 b5 26. Rb1 g6 27. Bd3
Kg7 28. Kc2 f5 29. bxa4 Rxa4 30. Rb4 Rxb4 31. axb4 Ra8 32. Kb2 Ra4 33. Ra3 Rxa3
34. Kxa3 g5 35. Kb2 Kf6 36. Kc3 Be6 37. Kd2 g4 38. Ke2 Kg5 39. f3 h5 40. Kf2
Bd7 41. g3 Be6 42. e4 fxe4 43. fxe4 Bd7 44. Ke3 Be8 45. Be2 Bd7 46. Bf1 Be6 47.
Bg2 dxe4 48. Bxe4 Bd5 49. Bd3 Bf7 50. Bf1 Bd5 51. h4+ gxh3 52. Bxh3 h4 53. Kf2
hxg3+ 54. Kxg3 Be4 55. Bd7 Bd5 56. Bc8 Be4 57. Bg4 Bd5 58. Bh3 Be4 59. Bd7 Bh1
60. Kh2 Bd5 61. Kg3 1/2-1/2

[Event "Superettan(Vasteras II-SS 4 Springare)"]
[Site "?"]
[Date "2022.03.20"]
[Round "6"]
[White "Kruuse, Peter"]
[Black "Savela, Julina"]
[Result "1-0"]
[WhiteElo "1867"]
[BlackElo "1253"]
[PlyCount "145"]

1. e4 c5 2. Nf3 g6 3. c3 d5 4. e5 f6 5. d4 e6 6. Be2 Nc6 7. O-O Nh6 8. exf6
cxd4 9. cxd4 Qxf6 10. Bg5 Qg7 11. Qd2 Nf5 12. Rd1 h6 13. Bf4 g5 14. Be5 Nxe5
15. Nxe5 Bd7 16. Bh5+ Kd8 17. Nf7+ Kc8 18. Qc3+ Bc6 19. b4 Kb8 20. a4 Nd6 21.
Qg3 Kc7 22. b5 Be8 23. Rc1+ Kd7 24. Ne5+ Kd8 25. Bxe8 Nxe8 26. Nd2 h5 27. Nb3
Nf6 28. Qd3 Bd6 29. Nc5 Bxc5 30. Rxc5 Ne4 31. Rc2 Qf6 32. Rac1 Rg8 33. f3 Nd6
34. Rc7 Rg7 35. Qc3 Re7 36. Qc5 Nc4 37. Rxe7 Qxe7 38. Nxc4 Rc8 39. Qxa7 dxc4
40. Qb6+ Ke8 41. Re1 c3 42. Qxe6 Qxe6 43. Rxe6+ Kd7 44. Re1 Kd6 45. Kf2 Kd5 46.
Ke2 Kxd4 47. Kd1 Kd3 48. Re7 c2+ 49. Kc1 Kc3 50. b6 Kb3 51. Rc7 Rd8 52. Rxc2
Rd5 53. Rc7 Kxa4 54. Rxb7 Kb5 55. Rb8 h4 56. Kc2 Re5 57. Kd3 Kc6 58. g3 hxg3
59. hxg3 Kd7 60. Kd4 Ra5 61. Rg8 Kc6 62. Rg6+ Kb7 63. Ke4 Rb5 64. f4 gxf4 65.
gxf4 Ra5 66. Re6 Ra4+ 67. Kf3 Ra5 68. Kg4 Ra4 69. Kg5 Ra1 70. f5 Rg1+ 71. Kf6
Rf1 72. Kg6 Rg1+ 73. Kf7 1-0

[Event "Superettan(Farsta-Kristallen)"]
[Site "?"]
[Date "2022.03.20"]
[Round "6"]
[White "Lagerborg, Krister"]
[Black "Lindfors, Tom"]
[Result "1-0"]
[WhiteElo "229"]
[BlackElo "2091"]
[PlyCount "75"]

1. e4 c5 2. Nf3 g6 3. d4 cxd4 4. Nxd4 Bg7 5. c4 Nc6 6. Be3 Nf6 7. Nc3 d6 8. Be2
O-O 9. O-O Bd7 10. h3 Rc8 11. Rc1 a6 12. Qd2 Nxd4 13. Bxd4 Bc6 14. Qe3 e5 15.
Bb6 Qe7 16. Nd5 Nxd5 17. cxd5 Bd7 18. Rxc8 Rxc8 19. Rc1 Qf8 20. Rc7 Bh6 21. Qa3
Rxc7 22. Bxc7 Qc8 23. Qxd6 f6 24. Kh2 Bf8 25. Qb6 Kf7 26. Bc4 Ke8 27. d6 Bc6
28. Bxa6 Bxd6 29. Bxd6 bxa6 30. f3 Bb7 31. Ba3 Kf7 32. Qd6 g5 33. Qe7+ Kg6 34.
Bc5 Bc6 35. Bf2 Be8 36. h4 Qc6 37. h5+ Kh6 38. g4 1-0

[Event "Superettan(Burgsvik-Rockaden, Umea)"]
[Site "?"]
[Date "2022.03.20"]
[Round "6"]
[White "Eriksson, Jorgen"]
[Black "Andersson, Tommy"]
[Result "0-1"]
[WhiteElo "2202"]
[BlackElo "2380"]
[PlyCount "98"]
[SourceDate "2022.03.28"]

1. d4 Nf6 2. Bg5 c5 3. d5 d6 4. Nc3 a6 5. a4 g6 6. Bxf6 exf6 7. e3 Bg7 8. Nge2
O-O 9. Nf4 f5 10. Ra3 b6 11. Be2 Nd7 12. O-O Rb8 13. Qc1 Qc7 14. Rd1 Ne5 15.
Ra2 Qd7 16. Qa1 Re8 17. Bf1 Qe7 18. Be2 Ng4 19. Rf1 Qh4 20. h3 Nf6 21. g3 Qh6
22. h4 Ng4 23. Qd1 Bf6 24. Ng2 Re5 25. Qd2 g5 26. Bxg4 fxg4 27. e4 b5 28. axb5
axb5 29. Re1 Qg6 30. hxg5 Bxg5 31. Qd3 Bd7 32. Ra7 Be8 33. Rea1 b4 34. Ne2 Bb5
35. Qd1 Qxe4 36. Nef4 Qf3 37. b3 Be2 38. Nxe2 Rxe2 39. Qf1 Rbe8 40. Ra8 Rxa8
41. Rxa8+ Kg7 42. Ra1 Rd2 43. Re1 Rxc2 44. Ne3 Rd2 45. Nc4 Rxd5 46. Re3 Bxe3
47. Nxe3 Rd2 48. Qa1+ f6 49. Qe1 Qe2 0-1

[Event "Superettan(Rockaden, Sthlm II-Schack08)"]
[Site "?"]
[Date "2022.03.20"]
[Round "6"]
[White "Schutz, Ingemar"]
[Black "Bryntze, Stefan"]
[Result "0-1"]
[WhiteElo "2192"]
[BlackElo "2183"]
[PlyCount "52"]

1. e4 b6 2. d4 Bb7 3. Nc3 e6 4. Nf3 Bb4 5. Bd3 d6 6. O-O Bxc3 7. bxc3 Nd7 8.
Re1 Ne7 9. Ng5 Ng6 10. f4 Qe7 11. f5 Ngf8 12. a4 a5 13. Rf1 h6 14. Nf3 O-O-O
15. Ba3 e5 16. Qe2 Kb8 17. Rab1 g6 18. Nd2 Rg8 19. Nc4 gxf5 20. dxe5 Nxe5 21.
Nxa5 Ba8 22. Rxf5 Nfg6 23. Qe3 Ka7 24. Nb3 Nh4 25. Rf2 Ng4 26. g3 Nxe3 0-1

[Event "Superettan(Helsingborg-Upsala)"]
[Site "?"]
[Date "2022.03.20"]
[Round "6"]
[White "Burwick, Malte"]
[Black "Nilsson Hask, Patrik"]
[Result "1/2-1/2"]
[WhiteElo "2215"]
[BlackElo "2199"]
[PlyCount "25"]
[EventDate "2022.??.??"]

1. e4 e6 2. d3 d5 3. Nd2 Nf6 4. Ngf3 Nc6 5. c3 e5 6. Be2 Bd6 7. O-O O-O 8. b4
Ne7 9. Bb2 Ng6 10. a3 c6 11. Re1 a5 12. Bf1 Re8 13. Qc2 1/2-1/2

[Event "Superettan(Burgsvik-Rockaden, Umea)"]
[Site "?"]
[Date "2022.03.20"]
[Round "6"]
[White "Krupenski, Juri"]
[Black "Mardell, Jimmy"]
[Result "1-0"]
[WhiteElo "2404"]
[BlackElo "2140"]
[PlyCount "47"]

1. d4 d5 2. c4 c6 3. Nf3 Nf6 4. Nbd2 e6 5. g3 Nbd7 6. Bg2 Be7 7. O-O O-O 8. Qc2
b6 9. e4 dxe4 10. Nxe4 Nxe4 11. Qxe4 Bb7 12. Rd1 Nf6 13. Qc2 Qc8 14. c5 Rd8 15.
Bf4 a5 16. cxb6 c5 17. Bc7 cxd4 18. Nxd4 Bxg2 19. Bxd8 Qxd8 20. Nc6 Qxb6 21.
Nxe7+ Kf8 22. Nc8 Qb5 23. Rd8+ Ne8 24. Kxg2 1-0

[Event "Superettan(Rockaden, Sthlm II-Schack08)"]
[Site "?"]
[Date "2022.03.20"]
[Round "6"]
[White "Nikolic, Vladan"]
[Black "Nyander, Joakim"]
[Result "1-0"]
[WhiteElo "2205"]
[BlackElo "2243"]
[PlyCount "145"]

1. d4 Nf6 2. c4 c5 3. d5 a6 4. a4 e5 5. Nc3 d6 6. e4 Be7 7. Nf3 O-O 8. h3 Ne8
9. Bd3 Nd7 10. Be3 g6 11. g4 Ng7 12. Qe2 Kh8 13. Kd2 Nf6 14. Kc2 Bd7 15. Rhg1
Rb8 16. Rg2 b6 17. Rag1 Rb7 18. h4 h5 19. gxh5 Ngxh5 20. Ng5 Be8 21. Bc1 Rg8
22. f4 exf4 23. Qf3 Bf8 24. Be2 Bg7 25. Bxf4 Qe7 26. Nh3 Nh7 27. Bd2 Bd4 28.
Rf1 Rb8 29. Nf4 N5f6 30. Bd3 Nd7 31. Nfe2 Ne5 32. Qg3 Bd7 33. Bg5 Qe8 34. Rh1
f6 35. Be3 Bxa4+ 36. Kd2 Bxe3+ 37. Qxe3 Bb3 38. Nf4 b5 39. cxb5 axb5 40. h5 g5
41. Ng6+ Kg7 42. Qh3 b4 43. h6+ Kf7 44. Nb5 Rb6 45. Nc7 Qc8 46. Nxe5+ dxe5 47.
Ne6 Rxe6 48. dxe6+ Bxe6 49. Qh5+ Ke7 50. Ra1 Qd7 51. Ke2 c4 52. Bc2 c3 53. bxc3
Bc4+ 54. Ke1 b3 55. Bxb3 Bxb3 56. Qe2 Rc8 57. Qe3 Rc7 58. Rd2 Qg4 59. Ra7 Qh4+
60. Rf2 Qh1+ 61. Rf1 Qh4+ 62. Rf2 Qh1+ 63. Rf1 Qh4+ 64. Kd2 Rxa7 65. Qxa7+ Ke8
66. Qb8+ Ke7 67. Qxb3 Qxh6 68. Qb7+ Kf8 69. Ra1 g4+ 70. Ke2 Kg8 71. Qc8+ Kf7
72. Ra7+ Kg6 73. Qf5# 1-0

[Event "Superettan(Helsingborg-Upsala)"]
[Site "?"]
[Date "2022.03.20"]
[Round "6"]
[White "Semcesen, Daniel"]
[Black "Wagner, Stephan"]
[Result "1-0"]
[WhiteElo "2472"]
[BlackElo "2222"]
[PlyCount "77"]

1. d4 Nf6 2. c4 e6 3. Nc3 Bb4 4. Qc2 O-O 5. a3 Bxc3+ 6. Qxc3 b6 7. Nf3 Ne4 8.
Qc2 Bb7 9. e3 d6 10. Be2 Nd7 11. O-O a5 12. b3 f5 13. Bb2 Qe8 14. Rad1 Qg6 15.
d5 Ng5 16. Nxg5 Qxg5 17. g3 Qh6 18. Bf3 e5 19. Bg2 Bc8 20. f4 Nf6 21. h3 exf4
22. gxf4 Bd7 23. Bd4 Rae8 24. Rf3 Ne4 25. Bf1 Re7 26. Bd3 Be8 27. Bxe4 Bh5 28.
Rdf1 fxe4 29. Rg3 Bf3 30. Kh2 g6 31. Rfg1 Bh5 32. Rg5 Kf7 33. f5 Bf3 34. f6 Rd7
35. Qf2 Rg8 36. Qg3 Qf8 37. Qf4 Qc8 38. R5g3 Rdd8 39. Qh6 1-0

[Event "Superettan(Burgsvik-Rockaden, Umea)"]
[Site "?"]
[Date "2022.03.20"]
[Round "6"]
[White "Nygren, David"]
[Black "Larsson, Victor"]
[Result "1-0"]
[WhiteElo "2182"]
[BlackElo "2193"]
[PlyCount "25"]

1. e4 c5 2. c3 d5 3. exd5 Qxd5 4. d4 Nc6 5. Nf3 Bg4 6. Be2 e6 7. O-O Nf6 8. Be3
cxd4 9. Nxd4 Bxe2 10. Qxe2 Bc5 11. Nb5 O-O-O 12. Bxc5 Qxc5 13. N1a3 1-0

[Event "Superettan(Rockaden, Sthlm II-Schack08)"]
[Site "?"]
[Date "2022.03.20"]
[Round "6"]
[White "Karlsson, Tomas"]
[Black "Svorono, Gabriel"]
[Result "1/2-1/2"]
[WhiteElo "2314"]
[BlackElo "2073"]
[PlyCount "75"]

1. e4 c5 2. Nf3 e6 3. d4 cxd4 4. Nxd4 Nc6 5. Nc3 Qc7 6. g3 a6 7. Bg2 Nf6 8. O-O
h5 9. Nxc6 bxc6 10. Bf4 e5 11. Bg5 Be7 12. Na4 d6 13. c4 Be6 14. Qd3 Ng4 15.
Bxe7 Qxe7 16. c5 dxc5 17. Qc3 h4 18. Qxc5 Qxc5 19. Nxc5 hxg3 20. hxg3 Nf6 21.
Nxe6 fxe6 22. Rac1 Kd7 23. Rfd1+ Kc7 24. Rc2 Rhd8 25. Rdc1 Rd6 26. f4 Nd7 27.
Kf2 exf4 28. gxf4 e5 29. f5 Rb8 30. Bf3 Nf6 31. Rg1 Rd7 32. Ke3 Rb4 33. Rcg2
Rbd4 34. Rxg7 Rd3+ 35. Ke2 Rd2+ 36. Ke3 R2d3+ 37. Ke2 Rd2+ 38. Ke3 1/2-1/2

[Event "Superettan(Helsingborg-Upsala)"]
[Site "?"]
[Date "2022.03.20"]
[Round "6"]
[White "Johansson, Jan"]
[Black "Rosell, Tomas"]
[Result "1-0"]
[WhiteElo "2291"]
[BlackElo "2176"]
[PlyCount "77"]

1. d4 f5 2. Bg5 g6 3. e3 Nh6 4. Nc3 Nf7 5. Bh4 d5 6. g4 fxg4 7. h3 g3 8. Bxg3
c6 9. Qd2 Bg7 10. h4 e5 11. h5 g5 12. h6 Bf6 13. O-O-O O-O 14. dxe5 Nxe5 15.
Ne4 Bh8 16. f4 gxf4 17. exf4 Ng6 18. Ng5 Qf6 19. c3 Na6 20. N1h3 Bg4 21. Be2
Bxe2 22. Qxe2 Rae8 23. Qh2 Nc5 24. Nxh7 Qf5 25. Nxf8 Nd3+ 26. Rxd3 Qxd3 27. Qc2
Qxc2+ 28. Kxc2 Kxf8 29. Kd3 Ne7 30. Bf2 b6 31. Rg1 Kf7 32. a4 Nf5 33. h7 c5 34.
a5 Bf6 35. axb6 axb6 36. b4 c4+ 37. Kd2 b5 38. Ng5+ Bxg5 39. Rxg5 1-0

[Event "Superettan(Burgsvik-Rockaden, Umea)"]
[Site "?"]
[Date "2022.03.20"]
[Round "6"]
[White "Haitin, Ilja"]
[Black "Malmstig, Erik"]
[Result "0-1"]
[WhiteElo "2355"]
[BlackElo "2177"]
[PlyCount "82"]

1. d4 Nf6 2. c4 e6 3. Nc3 Bb4 4. Qc2 d5 5. cxd5 exd5 6. Bf4 O-O 7. e3 c5 8. Nf3
Nc6 9. Be2 Bg4 10. Rd1 Bxf3 11. Bxf3 cxd4 12. exd4 Re8+ 13. Be3 Ne4 14. O-O
Bxc3 15. bxc3 Na5 16. Bf4 Rc8 17. Rd3 Nc4 18. Bg4 Rc6 19. Rh3 h6 20. Qc1 Ra6
21. f3 Ng5 22. Rg3 Qf6 23. a4 Re7 24. Be5 Nxe5 25. dxe5 Qb6+ 26. Kh1 Rxa4 27.
h4 Ne6 28. f4 Nc5 29. Bf5 Qa6 30. Rgf3 Qc4 31. Qe1 h5 32. Qg3 Ne4 33. Bxe4 dxe4
34. R3f2 Rd7 35. Re1 Rd3 36. Qg5 e3 37. Rf3 Qxc3 38. Rg3 Qxe1+ 39. Kh2 Qxg3+
40. Kxg3 e2+ 41. Kf2 Re4 0-1

[Event "Superettan(Rockaden, Sthlm II-Schack08)"]
[Site "?"]
[Date "2022.03.20"]
[Round "6"]
[White "Eriksson, Dan"]
[Black "Faldt, Magnus"]
[Result "1-0"]
[WhiteElo "2184"]
[BlackElo "2159"]
[PlyCount "115"]

1. e4 c5 2. c3 Nf6 3. e5 Nd5 4. d4 cxd4 5. Nf3 Nc6 6. cxd4 d6 7. Bc4 Nb6 8. Bb5
dxe5 9. Nxe5 Bd7 10. Nxd7 Qxd7 11. O-O e6 12. Nc3 Be7 13. Qg4 Kf8 14. d5 Nxd5
15. Rd1 Rd8 16. Nxd5 exd5 17. Qh5 Bf6 18. h4 h6 19. Bc4 Nd4 20. Bd3 Kg8 21. Be3
Nc6 22. Bc4 d4 23. Bf4 Kf8 24. a3 g6 25. Bxh6+ Bg7 26. Qc5+ Qd6 27. Qxd6+ Rxd6
28. Bg5 Ne5 29. Rac1 f6 30. Be3 Rxh4 31. f4 Nc6 32. g3 Rh7 33. b4 f5 34. b5 Nd8
35. Bd2 Ke8 36. Bb4 Kd7 37. Re1 Bf6 38. Bxd6 Kxd6 39. Kg2 Rd7 40. Kf3 Rc7 41.
Ke2 Rh7 42. Kf3 Rc7 43. g4 fxg4+ 44. Kxg4 Rh7 45. Rh1 Rc7 46. Bd3 Rc3 47. Rxc3
dxc3 48. Bxg6 Ne6 49. Be4 Nc5 50. Rd1+ Ke7 51. Bc2 Ne6 52. Re1 Kd6 53. Kf5 Nd4+
54. Kxf6 Nxc2 55. Rc1 Ne3 56. Kg5 c2 57. f5 Ke5 58. f6 1-0

[Event "Superettan(Helsingborg-Upsala)"]
[Site "?"]
[Date "2022.03.20"]
[Round "6"]
[White "Rothman, Peter"]
[Black "Marttala, Thomas"]
[Result "1-0"]
[WhiteElo "2124"]
[BlackElo "2199"]
[PlyCount "95"]
[SourceDate "2022.03.29"]

1. d4 d5 2. c4 e6 3. Nc3 Be7 4. Nf3 c6 5. e3 f5 6. Bd3 Nf6 7. Qc2 Ne4 8. Rb1
O-O 9. O-O Qe8 10. Ne5 Nd7 11. Nxd7 Bxd7 12. f3 Nxc3 13. bxc3 b6 14. e4 Bd6 15.
e5 Be7 16. Be3 Kh8 17. Qd2 Rg8 18. a4 Rb8 19. c5 bxc5 20. dxc5 Qd8 21. Rxb8
Qxb8 22. Rb1 Qc7 23. Bd4 Rb8 24. Rb4 Rd8 25. Qb2 Bc8 26. Rb8 Kg8 27. Qb4 Re8
28. Ba6 Bf8 29. Bxc8 Rxc8 30. Rb7 Qd8 31. Rxa7 Rb8 32. Rb7 Qg5 33. h4 Qc1+ 34.
Kh2 Rxb7 35. Qxb7 Qe1 36. g3 Qe2+ 37. Kg1 Qxf3 38. Bf2 f4 39. gxf4 Qd1+ 40. Kg2
Qxa4 41. Kg3 Qe4 42. Qxc6 Qg6+ 43. Kh2 Qg4 44. Qa4 g5 45. hxg5 Qf3 46. Qd4 Bxc5
47. Qxc5 Qxf4+ 48. Bg3 1-0

[Event "Superettan(Burgsvik-Rockaden, Umea)"]
[Site "?"]
[Date "2022.03.20"]
[Round "6"]
[White "Isaksson, Henrik"]
[Black "Fraenkel, Mikael"]
[Result "1/2-1/2"]
[WhiteElo "2117"]
[BlackElo "2007"]
[PlyCount "92"]

1. e4 c5 2. Nf3 Nc6 3. d4 cxd4 4. Nxd4 g6 5. c4 Bg7 6. Be3 Nf6 7. Nc3 Ng4 8.
Qxg4 Nxd4 9. Qd1 Ne6 10. Qd2 Qa5 11. Rc1 b6 12. Be2 Bb7 13. f3 d6 14. O-O g5
15. Rfd1 h5 16. b3 Qe5 17. Nd5 h4 18. b4 Rc8 19. c5 bxc5 20. bxc5 Bxd5 21. exd5
Nxc5 22. Bb5+ Kf8 23. Bxg5 Rb8 24. Rb1 Rh5 25. Bf4 Qc3 26. Qxc3 Bxc3 27. Be3 a5
28. Bc6 Rxb1 29. Rxb1 Re5 30. Bf2 Rh5 31. Rc1 Bb4 32. Rd1 h3 33. g4 Re5 34. Kf1
f6 35. Bd4 Rg5 36. Be3 Rg8 37. Ke2 Kg7 38. Rg1 Rb8 39. Rb1 Rc8 40. Bb5 Rc7 41.
Rc1 Rb7 42. a4 Rb8 43. Rg1 Bc3 44. Rc1 Bb4 45. Rg1 Bc3 46. Rc1 Bb4 1/2-1/2